[Event "Hinckley e2e4 op"]
[Site "Hinckley Island"]
[Date "2012.08.27"]
[Round "6"]
[White "Conterno, Dominique"]
[Black "Grattage, Matthew"]
[Result "0-1"]
[WhiteElo "1904"]
[BlackElo "1986"]
[PlyCount "70"]
[EventDate "2012.08.24"]
[EventType "swiss"]
[EventRounds "7"]
[EventCountry "ENG"]
[SourceTitle "CBM 150 Extra"]
[Source "ChessBase"]
[SourceDate "2012.10.19"]
[SourceVersion "1"]
[SourceVersionDate "2012.10.19"]
[SourceQuality "1"]

1. e4 e5 2. Nf3 Nf6 3. Nc3 Nc6 4. d4 exd4 5. Nxd4 Bb4 6. Nxc6 Bxc3+ 7. bxc3 bxc6 8. Bd3 0-0 9. 0-0 Qe7 10. Re1 Re8 11. Bg5 Qe5 12. f4 Qxc3 13. e5 Nd5 14. Qh5 g6 15. Qh4 d6 16. Kh1 dxe5 17. fxe5 Bd7 18. Qg3 Bf5 19. Rad1 Bxd3 20. Rxd3 Qxc2 21. Rf3 Re6 22. Ref1 Qe2 23. Rxf7 Nf6 24. Rg7+ Kxg7 25. Bxf6+ Kg8 26. Re1 Qxa2 27. Qf4 Ree8 28. h4 Qf7 29. h5 Rad8 30. hxg6 Qxg6 31. Bxd8 Rxd8 32. e6 Rf8 33. Qd4 Qg3 34. Qe4 Rf4 35. Qe5 Rf1+ 0-1

[Event "Hinckley e2e4 op"]
[Site "Hinckley Island"]
[Date "2012.08.24"]
[Round "1"]
[White "Grattage, Matthew"]
[Black "Clarke, Brandon GI"]
[Result "0-1"]
[WhiteElo "1986"]
[BlackElo "2158"]
[PlyCount "50"]
[EventDate "2012.08.24"]
[EventType "swiss"]
[EventRounds "7"]
[EventCountry "ENG"]
[SourceTitle "CBM 150 Extra"]
[Source "ChessBase"]
[SourceDate "2012.10.19"]
[SourceVersion "1"]
[SourceVersionDate "2012.10.19"]
[SourceQuality "1"]

1. c4 e6 2. Nc3 f5 3. Nf3 Nf6 4. d4 Be7 5. a3 0-0 6. b4 d6 7. Bg5 Qe8 8. Bxf6 Bxf6 9. e4 e5 10. dxe5 dxe5 11. Bd3 f4 12. c5 Bg4 13. Bc4+ Kh8 14. Nd5 Bd8 15. Qd3 Nc6 16. Bb5 Qh5 17. Bxc6 bxc6 18. Nc3 Be7 19. h3 Rad8 20. Qe2 Bxf3 21. gxf3 Rd4 22. Rd1 Rfd8 23. 0-0 Qxh3 24. b5 Bxc5 25. bxc6 R8d6 0-1

[Event "GBR-ch 99th"]
[Site "North Shields"]
[Date "2012.08.01"]
[Round "9"]
[White "Walker, Nicholas P"]
[Black "Grattage, Matthew"]
[Result "1-0"]
[WhiteElo "2179"]
[BlackElo "1986"]
[PlyCount "99"]
[EventDate "2012.07.23"]
[EventType "swiss"]
[EventRounds "11"]
[EventCountry "ENG"]
[SourceTitle "CBM 149 Extra"]
[Source "ChessBase"]
[SourceDate "2012.08.24"]
[SourceVersion "1"]
[SourceVersionDate "2012.08.24"]
[SourceQuality "1"]

1. e4 e5 2. Nf3 Nc6 3. Bb5 Nf6 4. Qe2 d6 5. c3 Be7 6. d4 exd4 7. cxd4 0-0 8. h3 a6 9. Ba4 b5 10. Bb3 Bb7 11. 0-0 Nb8 12. e5 Ne4 13. Nbd2 Nxd2 14. Bxd2 c5 15. dxc5 dxc5 16. Rad1 c4 17. Bc2 Qc8 18. Ng5 Bxg5 19. Bxg5 Qc6 20. Qg4 h6 21. Rd6 Qxg2+ 22. Qxg2 Bxg2 23. Kxg2 hxg5 24. Kf3 Ra7 25. Rg1 f6 26. e6 Rc7 27. Bg6 Rfc8 28. Bf5 Nc6 29. Rgd1 Ne5+ 30. Kg3 Re8 31. Rxa6 g6 32. Be4 f5 33. Rd5 Nc6 34. Rd7 Nb8 35. Ra8 Rxd7 36. exd7 Rd8 37. Bd5+ Kg7 38. a4 c3 39. bxc3 Rxd7 40. Bf3 f4+ 41. Kg2 Rd8 42. axb5 Kf6 43. c4 Ke7 44. c5 Nd7 45. Ra7 Kf6 46. Rxd7 Rxd7 47. c6 Rf7 48. b6 g4 49. hxg4 Kg5 50. c7 1-0

[Event "GBR-ch 99th"]
[Site "North Shields"]
[Date "2012.07.26"]
[Round "4"]
[White "Sugden, John N"]
[Black "Grattage, Matthew"]
[Result "1/2-1/2"]
[WhiteElo "2142"]
[BlackElo "1986"]
[PlyCount "97"]
[EventDate "2012.07.23"]
[EventType "swiss"]
[EventRounds "11"]
[EventCountry "ENG"]
[SourceTitle "CBM 149 Extra"]
[Source "ChessBase"]
[SourceDate "2012.08.24"]
[SourceVersion "1"]
[SourceVersionDate "2012.08.24"]
[SourceQuality "1"]

1. e4 e5 2. Nf3 Nc6 3. Bb5 Nf6 4. 0-0 Nxe4 5. d4 Nd6 6. Bxc6 dxc6 7. dxe5 Nf5 8. Qxd8+ Kxd8 9. b3 h6 10. Bb2 Bc5 11. Nbd2 Be6 12. Ne4 Bb6 13. c4 a5 14. h3 Ne7 15. Bd4 Bxd4 16. Nxd4 Bc8 17. f4 b6 18. Rad1 Ke8 19. f5 Rg8 20. f6 Ng6 21. e6 Ne5 22. fxg7 Rxg7 23. Nf6+ Kf8 24. Nf5 Bxe6 25. Nxg7 Kxg7 26. Nh5+ Kg8 27. Rfe1 Ng6 28. Kf2 a4 29. Kg3 axb3 30. axb3 Ra3 31. Re3 Bxc4 32. Rd8+ Kh7 33. Rd7 Rxb3 34. Rxb3 Bxb3 35. Rxc7 Ne5 36. Kf4 Nd3+ 37. Ke3 Nb4 38. Rb7 Nd5+ 39. Ke4 Kg6 40. Nf4+ Nxf4 41. Kxf4 b5 42. Ke5 Ba4 43. Rb6 f6+ 44. Kd4 Bd1 45. Rxc6 Be2 46. g3 h5 47. Rb6 Bf1 48. Ke4 Bxh3 49. Rxb5 1/2-1/2

[Event "GBR-ch 99th"]
[Site "North Shields"]
[Date "2012.07.24"]
[Round "2"]
[White "Mason, Donald"]
[Black "Grattage, Matthew"]
[Result "1-0"]
[WhiteElo "2244"]
[BlackElo "1986"]
[PlyCount "55"]
[EventDate "2012.07.23"]
[EventType "swiss"]
[EventRounds "11"]
[EventCountry "ENG"]
[SourceTitle "CBM 149 Extra"]
[Source "ChessBase"]
[SourceDate "2012.08.24"]
[SourceVersion "1"]
[SourceVersionDate "2012.08.24"]
[SourceQuality "1"]

1. c4 Nf6 2. Nc3 b6 3. d4 Bb7 4. d5 e6 5. a3 Be7 6. e4 d6 7. Bd3 Nbd7 8. Bc2 c6 9. Nge2 cxd5 10. cxd5 Rc8 11. dxe6 fxe6 12. Nd4 Nf8 13. 0-0 a6 14. f4 d5 15. e5 Ne4 16. Qg4 Bc5 17. Be3 Nxc3 18. bxc3 Qe7 19. f5 exf5 20. Bxf5 Bxd4 21. cxd4 Rc4 22. Bg5 Qc7 23. e6 Bc8 24. e7 Ng6 25. Bxc8 Qxc8 26. Qf3 Qe6 27. Rae1 Qg8 28. Qf8+ 1-0

[Event "London e2e4 Diamond Jubilee op"]
[Site "London"]
[Date "2012.06.02"]
[Round "1"]
[White "Taylor, Adam A"]
[Black "Grattage, Matthew"]
[Result "1/2-1/2"]
[WhiteElo "1869"]
[BlackElo "2002"]
[PlyCount "69"]
[EventDate "2012.06.02"]
[EventType "swiss"]
[EventRounds "9"]
[EventCountry "ENG"]
[SourceTitle "CBM 148 Extra"]
[Source "ChessBase"]
[SourceDate "2012.06.22"]
[SourceVersion "1"]
[SourceVersionDate "2012.06.22"]
[SourceQuality "1"]

1. Nf3 Nf6 2. c4 c5 3. Nc3 Nc6 4. d4 cxd4 5. Nxd4 e6 6. e4 Bb4 7. f3 Bxc3+ 8. bxc3 0-0 9. Be2 a6 10. 0-0 Qc7 11. c5 Na5 12. Ba3 Rd8 13. Qd2 b6 14. cxb6 Qxb6 15. Rab1 Qa7 16. Qg5 Nc6 17. Rfd1 e5 18. Bc4 d6 19. Kh1 exd4 20. cxd4 Be6 21. d5 Ne5 22. Bb3 Neg4 23. Rb2 Nf2+ 24. Rxf2 Qxf2 25. dxe6 fxe6 26. Bxe6+ Kh8 27. h3 Qe2 28. Rd2 Qe1+ 29. Kh2 h6 30. Qa5 Nh5 31. Bb2 Rdb8 32. Qxh5 Qxd2 33. Bxg7+ Kxg7 34. Qf7+ Kh8 35. Qf6+ 1/2-1/2

[Event "High Wycombe e2e4 op 03"]
[Site "High Wycombe"]
[Date "2012.03.18"]
[Round "4"]
[White "Moss, Guy"]
[Black "Grattage, Matthew"]
[Result "0-1"]
[WhiteElo "1899"]
[BlackElo "2005"]
[PlyCount "102"]
[EventDate "2012.03.16"]
[EventType "swiss"]
[EventRounds "5"]
[EventCountry "ENG"]
[SourceTitle "CBM 147 Extra"]
[Source "ChessBase"]
[SourceDate "2012.04.24"]
[SourceVersion "1"]
[SourceVersionDate "2012.04.24"]
[SourceQuality "1"]

1. e4 e5 2. Nf3 Nc6 3. d4 exd4 4. c3 dxc3 5. Bc4 c2 6. Qxc2 Bb4+ 7. Bd2 Bxd2+ 8. Nbxd2 d6 9. 0-0 Be6 10. Bxe6 fxe6 11. Qb3 Qc8 12. Ng5 Nd8 13. f4 h6 14. Ngf3 Ne7 15. Nd4 Nec6 16. Nxc6 bxc6 17. Rf3 Rb8 18. Qc3 0-0 19. Raf1 Qb7 20. Nb3 Qb4 21. Qc2 a5 22. R3f2 a4 23. Nc1 c5 24. f5 Qd4 25. Kh1 Rb4 26. Re1 Nc6 27. Nd3 Rc4 28. Qe2 Nb4 29. Nxb4 cxb4 30. Rf3 e5 31. Rg3 Qc5 32. Qg4 Rf7 33. f6 Qf2 34. Qc8+ Kh7 35. Qf5+ Qxf5 36. exf5 Rxf6 37. Rf3 Rc2 38. Rb1 e4 39. Rf4 d5 40. g4 Rfc6 41. Rff1 e3 42. Rfe1 d4 43. Kg1 e2 44. Kf2 d3 45. Rg1 Rd2 46. Ke3 Rcc2 47. b3 a3 48. Ra1 Rxa2 49. Rxa2 Rxa2 50. Kxd3 Rb2 51. Ra1 a2 0-1

[Event "Gatwick e2e4 int op-A"]
[Site "Gatwick"]
[Date "2011.10.27"]
[Round "2"]
[White "Taylor, Dale C"]
[Black "Grattage, Matthew"]
[Result "0-1"]
[WhiteElo "2017"]
[BlackElo "1881"]
[PlyCount "100"]
[EventDate "2011.10.26"]
[EventType "swiss"]
[EventRounds "9"]
[EventCountry "ENG"]
[SourceTitle "EXT 2014"]
[Source "ChessBase"]
[SourceDate "2013.11.20"]
[SourceVersion "1"]
[SourceVersionDate "2013.11.20"]
[SourceQuality "1"]

1. Nf3 Nf6 2. c4 c5 3. Nc3 Nc6 4. d4 Nxd4 5. Nxd4 cxd4 6. Qxd4 b6 7. e4 d6 8. Bg5 h6 9. Bxf6 gxf6 10. Be2 Rg8 11. g3 f5 12. Bf3 Bg7 13. Qd3 Ba6 14. Rc1 Bxc3+ 15. Rxc3 fxe4 16. Bxe4 Rc8 17. 0-0 Qc7 18. Qe3 Qc5 19. Qxh6 Qg5 20. Qxg5 Rxg5 21. Rfc1 Rgc5 22. h4 Bxc4 23. b3 Be6 24. Rxc5 Rxc5 25. Rxc5 bxc5 26. f3 f5 27. Bc6+ Kf7 28. Kf2 d5 29. Ke3 d4+ 30. Kd3 Bc8 31. f4 Ba6+ 32. Kd2 Kf6 33. h5 Bc8 34. Kd3 Be6 35. Bf3 Kg7 36. Bd1 a5 37. a3 Kh6 38. b4 axb4 39. axb4 cxb4 40. Kxd4 Ba2 41. g4 fxg4 42. Bxg4 Bf7 43. Bd1 Kg7 44. Kc5 b3 45. Kb4 b2 46. Bc2 Ba2 47. Kc5 b1Q 48. Bxb1 Bxb1 49. Kd4 Bf5 50. Ke5 e6 0-1

[Event "High Wycombe e2e4 op 10"]
[Site "High Wycombe"]
[Date "2011.10.07"]
[Round "1"]
[White "Grattage, Matthew"]
[Black "Cannon, Richard James"]
[Result "1-0"]
[WhiteElo "1881"]
[BlackElo "2096"]
[PlyCount "191"]
[EventDate "2011.10.07"]
[EventType "swiss"]
[EventRounds "5"]
[EventCountry "ENG"]
[SourceTitle "CBM 144 Extra"]
[Source "ChessBase"]
[SourceDate "2011.10.28"]
[SourceVersion "1"]
[SourceVersionDate "2011.10.28"]
[SourceQuality "1"]

1. Nf3 Nf6 2. d4 e6 3. c4 Bb4+ 4. Nc3 b6 5. a3 Bxc3+ 6. bxc3 Bb7 7. Bg5 h6 8. Bxf6 Qxf6 9. g3 0-0 10. Bg2 c5 11. 0-0 d6 12. a4 Nc6 13. Nd2 cxd4 14. Ne4 Qe7 15. cxd4 f5 16. Nc3 Na5 17. Bxb7 Qxb7 18. Nb5 Nxc4 19. Qb3 d5 20. Rfc1 Qe7 21. Na3 Nd2 22. Qc2 Ne4 23. f3 Nd6 24. Qc7 Rf7 25. Qxe7 Rxe7 26. Rc6 Rd8 27. Rac1 Kf7 28. Kf2 g5 29. h4 gxh4 30. gxh4 f4 31. Rd1 Nf5 32. Nb5 Nxh4 33. Nd6+ Kf6 34. Rh1 Rxd6 35. Rxd6 Nf5 36. Rd8 Rh7 37. Rc8 Nxd4 38. Rhc1 h5 39. R8c7 Rh8 40. Rxa7 h4 41. Rcc7 Nf5 42. Rh7 Rg8 43. Rab7 Ne3 44. Rxh4 Rg2+ 45. Ke1 Rg1+ 46. Kd2 Ke5 47. Kc3 d4+ 48. Kb3 Nd5 49. Rh5+ Kd6 50. Kc4 Rd1 51. Rb8 Kc7 52. Rg8 Ne3+ 53. Kb3 Rb1+ 54. Ka2 Rc1 55. Rh7+ Kd6 56. Rh2 Rc2+ 57. Kb3 Rc3+ 58. Kb2 Nc4+ 59. Kb1 Rb3+ 60. Kc2 Rc3+ 61. Kb1 Nd2+ 62. Kb2 Nc4+ 63. Kb1 Rb3+ 64. Kc2 Rb2+ 65. Kd3 Ne5+ 66. Ke4 d3 67. Rd8+ Ke7 68. Rxd3 Nxd3 69. Kxd3 Ra2 70. Rh7+ Kd6 71. Ra7 Kd5 72. Ra6 Ra3+ 73. Kd2 Kc5 74. Ra8 e5 75. Re8 Re3 76. Ra8 Ra3 77. Re8 Kd4 78. Rd8+ Kc4 79. Rc8+ Kb4 80. Re8 Re3 81. Rb8 Kc5 82. Rc8+ Kd6 83. Rc4 Rb3 84. Kc2 Re3 85. Re4 Rxe4 86. fxe4 Kc6 87. Kb3 b5 88. a5 Kb7 89. Kc3 Kc7 90. Kb4 Kc6 91. a6 Kb6 92. a7 Kxa7 93. Kxb5 Kb7 94. Kc5 Kc7 95. Kd5 Kd7 96. Kxe5 1-0

[Event "Sunningdale e2e4 Challengers-E"]
[Site "Sunningdale"]
[Date "2011.08.13"]
[Round "7"]
[White "Grattage, Matthew"]
[Black "Lexton, Michael J"]
[Result "0-1"]
[WhiteElo "1861"]
[BlackElo "2060"]
[PlyCount "100"]
[EventDate "2011.08.10"]
[EventType "tourn"]
[EventRounds "9"]
[EventCountry "ENG"]
[SourceTitle "CBM 144 Extra"]
[Source "ChessBase"]
[SourceDate "2011.10.28"]
[SourceVersion "1"]
[SourceVersionDate "2011.10.28"]
[SourceQuality "1"]

1. c4 e5 2. e4 Nc6 3. Nc3 g6 4. Nf3 Bg7 5. b3 d6 6. Bb2 Nge7 7. Nd5 f5 8. Bd3 0-0 9. Bc2 Nd4 10. Nxe7+ Qxe7 11. 0-0 Nxf3+ 12. Qxf3 f4 13. Rad1 c5 14. Qd3 g5 15. f3 h5 16. Kf2 g4 17. Rh1 Be6 18. Rdg1 Bh6 19. Bd1 Bg5 20. Qf1 Rf7 21. Ke2 a6 22. h3 g3 23. Bc2 b5 24. d3 Qb7 25. Qa1 Qc8 26. Bxe5 dxe5 27. Qxe5 Be7 28. Qxh5 Qd7 29. Qe5 Qd6 30. Qxd6 Bxd6 31. Rb1 Be5 32. Rhc1 b4 33. Bd1 a5 34. Rc2 a4 35. Kd2 Bd4 36. Ke1 axb3 37. axb3 Rd7 38. Kf1 Be5 39. Be2 Kg7 40. Rd2 Kf6 41. Rc2 Bd4 42. Rd2 Ke5 43. Rc2 Ra3 44. Rd2 Bc3 45. Rc2 Kd4 46. Rcc1 Ra2 47. Bd1 Kxd3 48. e5 Rda7 49. h4 Rh7 50. Kg1 Rxh4 0-1

[Event "Sunningdale e2e4 Challengers-E"]
[Site "Sunningdale"]
[Date "2011.08.12"]
[Round "5"]
[White "Grattage, Matthew"]
[Black "Burke, Steven J"]
[Result "0-1"]
[WhiteElo "1861"]
[BlackElo "2039"]
[PlyCount "98"]
[EventDate "2011.08.10"]
[EventType "tourn"]
[EventRounds "9"]
[EventCountry "ENG"]
[SourceTitle "CBM 144 Extra"]
[Source "ChessBase"]
[SourceDate "2011.10.28"]
[SourceVersion "1"]
[SourceVersionDate "2011.10.28"]
[SourceQuality "1"]

1. c4 f5 2. Nf3 Nf6 3. Nc3 d6 4. d4 g6 5. g3 Bg7 6. Bg2 0-0 7. 0-0 e6 8. b4 c6 9. Qb3 Nbd7 10. c5 d5 11. Ng5 Re8 12. f4 b6 13. e3 Nf8 14. Nf3 bxc5 15. bxc5 Ba6 16. Rf2 Ne4 17. Nxe4 fxe4 18. Ne5 Bxe5 19. fxe5 Re7 20. Bd2 Rf7 21. Qa3 Rxf2 22. Kxf2 Bd3 23. Bf1 Bxf1 24. Rxf1 Qc7 25. Qa6 Rb8 26. a3 Qb7 27. Qxb7 Rxb7 28. Bb4 Rf7+ 29. Ke2 Rxf1 30. Kxf1 Kf7 31. Ke2 Ke7 32. Kd2 Kd7 33. Ba5 g5 34. g4 Ng6 35. Ke2 Nh4 36. Be1 Nf3 37. Bg3 Kc7 38. h3 Kb7 39. Kd1 Ka6 40. Kc2 Kb5 41. Kc3 Ka4 42. Kb2 Nd2 43. Bf2 Nc4+ 44. Ka2 Nxa3 45. h4 gxh4 46. Bxh4 Nc4 47. Bg5 Kb4 48. Kb1 Kc3 49. Bf4 Kd3 0-1

[Event "Sunningdale e2e4 Challengers-E"]
[Site "Sunningdale"]
[Date "2011.08.10"]
[Round "1"]
[White "Frost, Peter"]
[Black "Grattage, Matthew"]
[Result "0-1"]
[WhiteElo "1940"]
[BlackElo "1861"]
[PlyCount "104"]
[EventDate "2011.08.10"]
[EventType "tourn"]
[EventRounds "9"]
[EventCountry "ENG"]
[SourceTitle "CBM 144 Extra"]
[Source "ChessBase"]
[SourceDate "2011.10.28"]
[SourceVersion "1"]
[SourceVersionDate "2011.10.28"]
[SourceQuality "1"]

1. e4 e5 2. Nf3 Nc6 3. Bb5 a6 4. Bxc6 dxc6 5. 0-0 f6 6. d4 exd4 7. Nxd4 Bd6 8. Nc3 Ne7 9. Qh5+ g6 10. Qh6 Bxh2+ 11. Kxh2 Qxd4 12. Bf4 f5 13. Rad1 Qf6 14. exf5 Nxf5 15. Rfe1+ Kf7 16. Qh3 Ng7 17. Qh6 Nf5 18. Qh3 Nd6 19. Qg3 Re8 20. Rxe8 Nxe8 21. Bxc7 Nxc7 22. Qxc7+ Qe7 23. Qf4+ Bf5 24. Kg1 Kg8 25. Qd2 Re8 26. a3 Qe5 27. b4 Re7 28. Qd8+ Kf7 29. Qd4 Qxd4 30. Rxd4 Bxc2 31. Kf1 Ke6 32. Rd2 Bf5 33. Na4 Kf6 34. Nc5 Be6 35. f3 b6 36. Nxe6 Rxe6 37. Rd7 Ke5 38. Ra7 c5 39. Ke2 c4 40. Kd2 b5 41. Rxh7 Kf4 42. Rh4+ Kg3 43. Rg4+ Kf2 44. Rg5 Rd6+ 45. Kc2 Ke3 46. Re5+ Kf4 47. Re4+ Kf5 48. Re8 g5 49. Re4 Re6 50. g4+ Kf6 51. Rd4 Ke5 52. Re4+ Kd5 0-1